书目信息 |
| 题名: |
钓鱼也“疯狂”
|
|
| 作者: | 陈远吉 , 宁平 编 | |
| 分册: | ||
| 出版信息: | 北京 化学工业出版社 2010 |
|
| 页数: | 114页 | |
| 开本: | 21cm | |
| 丛书名: | ||
| 单 册: | ||
| 中图分类: | G897 | |
| 科图分类: | ||
| 主题词: | 钓鱼(文娱活动)--基本知识 , 钓鱼(文娱活动) | |
| 电子资源: | ||
| ISBN: | 978-7-122-07884-1 | |
| 000 | 00888nam0 2200253 45 | |
| 001 | 1133607969 | |
| 005 | 20110414095801.73 | |
| 010 | @a978-7-122-07884-1@dCNY25.00 | |
| 100 | @a20110407d2010 em y0chiy0110 ea | |
| 101 | 0 | @achi |
| 102 | @aCN@b110000 | |
| 105 | @aa z 000yy | |
| 106 | @ar | |
| 200 | 1 | @a钓鱼也“疯狂”@ADiao Yu Ye“ Feng Kuang”@f陈远吉,宁平编@FChen Yuan Ji, Ning Ping Bian |
| 210 | @a北京@c化学工业出版社@d2010 | |
| 215 | @a114页@c彩图@d21cm | |
| 330 | @a本书讲述了鱼竿的选购、鱼钩种类、鱼线的使用、鱼漂颜色的秘密、鱼饵的制作、钓点的选择等一整套钓鱼中需要掌握的常识与经验,介绍了渔具的准备-渔具的连接-实际演练的全过程。 | |
| 606 | 0 | @a钓鱼(文娱活动)@x基本知识 |
| 606 | 0 | @a钓鱼(文娱活动) |
| 690 | @aG897@v4 | |
| 701 | 0 | @a陈远吉@AChen Yuan Ji@4编 |
| 701 | 0 | @a宁平@ANing Ping@4编 |
| 801 | 0 | @aCN@bTANGWEI@c20110414 |
| 905 | @b0535247-51@dG897@e289@f5 | |
| 钓鱼也“疯狂”/陈远吉,宁平编.-北京:化学工业出版社,2010 |
| 114页:彩图;21cm |
| ISBN 978-7-122-07884-1:CNY25.00 |
| 本书讲述了鱼竿的选购、鱼钩种类、鱼线的使用、鱼漂颜色的秘密、鱼饵的制作、钓点的选择等一整套钓鱼中需要掌握的常识与经验,介绍了渔具的准备-渔具的连接-实际演练的全过程。 |
| ● |
| 相关链接 |
|
|
|
|
正题名:钓鱼也"疯狂"
索取号:G897/289
 
预约/预借
| 序号 | 登录号 | 条形码 | 馆藏地/架位号 | 状态 | 备注 |
| 1 | 0535247 | 205352474 | 第一样本阅览室/ [索取号:G897/289] | 在馆 | |
| 2 | 0535248 | 205352483 | 第四借阅区/ [索取号:G897/289] | 在馆 | |
| 3 | 0535249 | 205352492 | 第四借阅区/ [索取号:G897/289] | 在馆 | |
| 4 | 0535250 | 205352508 | 第四借阅区/ [索取号:G897/289] | 在馆 | |
| 5 | 0535251 | 205352517 | 第四借阅区/ [索取号:G897/289] | 在馆 |